Normal view
MARC view
- MS-COMPUTER ENGINEERING-18
Entry Topical Term
001 - CONTROL NUMBER
- control field: 88689
003 - CONTROL NUMBER IDENTIFIER
- control field: NUST
005 - DATE AND TIME OF LATEST TRANSACTION
- control field: 20220201150442.0
008 - FIXED-LENGTH DATA ELEMENTS
- fixed length control field: 220201|| aca||aabn | a|a d
040 ## - CATALOGING SOURCE
- Original cataloging agency: NUST
- Transcribing agency: NUST
150 ## - HEADING--TOPICAL TERM
- Topical term or geographic name entry element: MS-COMPUTER ENGINEERING-18
670 ## - SOURCE DATA FOUND
- Source citation: Work cat.: (NUST): Shahbaz Khan 88687, TH-SOF-1957-Enhanced Spatial Stream of Two Stream Network for Human Action Recognition, 2021.
